000
00239 a2200097 4500
001
34967
100
_a
A H M
245
_a
Tootthay Bantey Assemblian Aur Civil Military Bureaucracy
260
_a
Lahore
_b
Jang Pub
_c
090
_c
23129
_d
23129
942
_a
NUST-CAE
_c
M
_c
14591
999
_c
270040
_d
270040